Welcome to the Holygrace Academy Library

Please use search bar below to get started

AGOLAVALKARANAVUM DARIDRAVALKARANAVUM (Record no. 1198)

MARC details
000 -LEADER
fixed length control field 00337nam a22001337a 4500
082 ## - DEWEY DECIMAL CLASSIFICATION NUMBER
Classification number 894.812
Item number KOC/A
100 ## - MAIN ENTRY--AUTHOR NAME
Personal name KOCHERI, THOMAS
245 ## - TITLE STATEMENT
Title AGOLAVALKARANAVUM DARIDRAVALKARANAVUM
250 ## - EDITION STATEMENT
Edition statement FIRST EDITION
260 ## - PUBLICATION, DISTRIBUTION, ETC. (IMPRINT)
Place of publication THIRUVANANTHAPURAM
Name of publisher PRABHATH BOOK HOUSE
Year of publication 2000
300 ## - PHYSICAL DESCRIPTION
Number of Pages 52
650 ## - SUBJECT ADDED ENTRY--TOPICAL TERM
Topical Term MOTIVATIONAL
Geographic subdivision KERALA
942 ## - ADDED ENTRY ELEMENTS (KOHA)
Koha item type Books
Holdings
Withdrawn status Lost status Collection code Home library Current library Shelving location Date acquired Source of acquisition Cost, normal purchase price Full call number Accession Number Koha item type
    Reference Main Library Main Library SHELF-6E-- MALAYALAM PSYCHOLOGICAL &MOTIVATIONAL BOOKS 06/05/2006 purchase 15.00 894.812 KOC/A 02325 Books